Fish Culture/ (Record no. 757016)

MARC details
000 -LEADER
fixed length control field 00325nam a22001337a 4500
020 ## - INTERNATIONAL STANDARD BOOK NUMBER
ISBN 978-93-6224-500-7
082 ## - DEWEY DECIMAL CLASSIFICATION NUMBER
Classification number 639.3KUM/F
245 ## - TITLE STATEMENT
Title Fish Culture/
Statement of responsibility, etc ed by Kailash Kumar
260 ## - PUBLICATION, DISTRIBUTION, ETC. (IMPRINT)
Place of publication .-Newdelhi
Name of publisher :DPH
Year of publication ,2025
300 ## - PHYSICAL DESCRIPTION
Number of Pages 275p
700 ## - ADDED ENTRY--PERSONAL NAME
Personal name Kumar,Kailash (ed)
942 ## - ADDED ENTRY ELEMENTS (KOHA)
Source of classification or shelving scheme Dewey Decimal Classification
Koha item type Book
Holdings
Withdrawn status Lost status Source of classification or shelving scheme Damaged status Not for loan Home Library Current Location Shelving location Date acquired Source of acquisition Full call number Accession Number Price effective from Koha item type
    Dewey Decimal Classification     Dept. of Aquatic Biology and Fisheries Dept. of Aquatic Biology and Fisheries General Stacks 18/02/2026 ABD/8 639.3KUM/F AQU6611 25/02/2026 Book